| 000 | 00895nam a2200229 a 4500 | ||
|---|---|---|---|
| 008 | 170426s2016 ||||||||||||||||| || u | ||
| 020 | _a9780323295079 | ||
| 050 | _aRC 455.2 Mas | ||
| 100 | _aFava, Maurizio | ||
| 245 | 1 | 0 |
_aMassachusetts general hospital: comprehensive clinical psychiatry. (2nd ed.) _cTheodore A. Stern, Maurizio Fava, Timothy E. Wilens and Jerrold F. Rosenbaum |
| 250 | _a2nd ed. | ||
| 260 |
_aLondon. _bElsevier _c2016 |
||
| 300 | _axx, 1038.: ill. | ||
| 350 | _a229.99 | ||
| 650 | _aPSYCHIATIC CONSULTATION | ||
| 650 | _aPATIENT--MENTAL HEALTH | ||
| 650 | _aHOSPITALIZATION | ||
| 700 | _aWilens, Timothy E | ||
| 700 | _aStern, Theodore A | ||
| 700 | _aRosenbaum, Jerrold F | ||
| 995 |
_aMEDICAL LIBRARY OPEN ACCESS _e903896 _FCBU-SCHOOL OF MEDICINE LIBRARY (Ndola) _I229.99 _jRC 455.2 Mas _M1 _UAVAILABLE _WApr 26, 2017 _y903896 _ZMedical Library Open Access Collection |
||
| 999 |
_c31980 _d31980 |
||